1930 1325 1087 1660 1954 1742 1244 1040 1453 1089 1130 1318 1181 1104 1675 1221 1204 1171 1126 1880 1185 1269 1604 1365 1375 1002 1947 1865 1618 1375 1134 1897 1144 1630 1899 1350 1131 1514 1929 1793 1335 1810 1115 1410 1644 1026 1382 1117 1991 1797 1257 1973 1767 1125 1366 1000 1713 1984 1484 1562 1179 1907 1511 1087 1772 1389 1031 1419 1849 1494 1461 1917 1304 1002 1293 1917 1152 1033 1848 1164 1004 1649 1916 1834 1612 1979 1823 1247 1795 1915 1814 1560 1654 1629 1713 1121 1346 1753 1838 BCNSPRNW ULIB Ver.6.0+V

เปลี่ยนเป็นภาษาไทย

Change to English
 แสดงรายละเอียดบรรณานุกรม
  กลับหน้าหลัก

Brief Record : Get Marc (ISO 2709) : E-mail record : QR code < ปิดหน้าต่าง
LEADER : 00000nam 2200000uu 4500
001    13399110305
003     ULIB
008    110428s2552||||th 000 0 tha d
020    9742760624
024    9789742760625
050  0 PE1111^bป331ว 2552
100 0  ประเพศ ไกรจันทร์
245 00 ไวยากรณ์อังกฤษง่ายนิดเดียว^cประเพศ ไกรจันทร์
246 0  English grammar
250    พิมพ์ครั้งที่ 8
260    กรุงเทพฯ:^bพี.เอส.เพรส^c2552.
300    312 หน้า
650  4 ภาษาอังกฤษ^xไวยากรณ์
650  4 English grammar
945    ^p190^l0^i030063
995    เกษร
999 ^a ใช้งานได้ทุกระบบ
รายการนี้ยังไม่มีแท็ก
คุณยังไม่ได้ล็อกอิน คุณสามารถมีกิจกรรมร่วมกับเว็บไซต์ได้ แต่ต้องล็อกอินก่อน ::
  ล็อกอิน

รายการสื่อสารสนเทศ

ลำดับที่ ประเภท เลขเรียก/บาร์โค้ด สถานที่ สถานะ
- ไม่พบข้อมูล -

รายการใกล้เคียง
    ผู้แต่ง [ประเพศ ไกรจันทร์]

    หัวเรื่อง [English grammar]

BibComment


ยังไม่เคยถูกคอมเมนท์

คอมเมนท์ทรัพยากรรายการนี้
  คอมเมนท์: ไวยากรณ์อังกฤษง่า..


 Copyright 2026. Bcnsprnw @Library